000 00786cam a22002654a 4500
003 UPN
005 20241112063716.0
008 090211s2002 mx a r 000 0aspa d
020 _a9706517294
035 _aUPN01000169159
040 _aUPN
_bspa
_cUPN
049 _aCG
050 4 _aHQ1236.5 S5.8
_bD5.2
100 1 _aDirie, Waris,
_d1965-
_943478
245 1 0 _aAmanecer en el desierto /
_cWaris Dirie y Jeanne D'Haem.
260 _aMéxico :
_bOcéano :
_bMaeva,
_cc2002.
300 _a243 p. :
_bil.
534 _pTitulo original:
_tDesert dawn
600 1 4 _aDirie, Waris,
_d1965-
_943478
650 4 _aDERECHOS DE LAS MUJERES -
_zSOMALIA
_943480
650 4 _aAutobiografía
_947175
700 1 _aD'Haem, Jeanne,
_d1946-
_ecoaut.
_943479
905 _aLibro
942 _2lcc
_cLIBRO
999 _c141265
_d141265